000 00783nam a2200217Ia 4500
003 OSt
005 20230502154601.0
008 210423s2013 xx 000 0 und d
020 _a978-1-071-60309-3
040 _cAL
041 _aeng
082 _a660.29
_223
_bANAI
100 _aANASTAS (Paul T);ZIMMERMAN (Julie B)
_996374
245 _aInnovations in green chemistry and green engineering: selected entries from the encyclopedia of sustainability science and technology
260 _aNew York
_bSpringer Verlag
_c2013
300 _a333
_bHB
365 _b2495
_cINR
650 _aApplied Physical Chemistry
_996375
906 _achemistry ; encyclopedia ; engineering: ; entries ; green ; Innovations ; science ; selected ; sustainability ; technology
942 _2ddc
_cBK
999 _c170714
_d170714